[Event "SR 3. liga A2 2015/2016"]
[Site "?"]
[Date "2016.03.06"]
[Round "9.6"]
[White "Pribila, Gerhard"]
[Black "Kozinka, Roman"]
[Result "1-0"]
[WhiteElo "2101"]
[BlackElo "1976"]
[PlyCount "149"]
[EventDate "2016.??.??"]

1. e4 c5 2. Nf3 d6 3. Bb5+ Bd7 4. Bxd7+ Qxd7 5. c4 Nf6 6. Nc3 e6 7. d4 cxd4 8.
Nxd4 Be7 9. O-O O-O 10. Be3 Nc6 11. f3 Ne5 12. b3 Rfd8 13. Qe2 Rac8 14. Rfd1 a6
15. Rac1 Qc7 16. Na4 Nfd7 17. f4 Nc6 18. Nf3 h6 19. Qf2 Nc5 20. Nxc5 dxc5 21.
e5 Qa5 22. Qb2 Nd4 23. Kf2 Nf5 24. Bd2 Qc7 25. Be3 Nxe3 26. Kxe3 g5 27. g3 Qc6
28. Qe2 f5 29. Kf2 g4 30. Nh4 Bxh4 31. gxh4 Rd4 32. Rxd4 cxd4 33. Rd1 Rd8 34.
Kg3 b5 35. cxb5 axb5 36. Rd2 Qc3+ 37. Rd3 Qc1 38. Rd1 Qc3+ 39. Rd3 Qc6 40. Qg2
Qc1 41. Qf2 Qh1 42. h5 b4 43. Qg2 Qe1+ 44. Qf2 Qe4 45. Qc2 Ra8 46. h3 Qe1+ 47.
Kh2 Qa1 48. Kg3 Kh8 49. Rd1 Qc3+ 50. Qxc3 bxc3 51. Rxd4 Rc8 52. Rd1 c2 53. Rc1
Rc3+ 54. Kg2 gxh3+ 55. Kh2 Kg7 56. a4 Rxb3 57. Rxc2 Ra3 58. Rc7+ Kf8 59. Ra7
Rf3 60. a5 Rxf4 61. Rh7 Ra4 62. Rxh6 Rxa5 63. Rxe6 Kg7 64. Kxh3 Ra4 65. Rf6 Rf4
66. Kg3 Rf1 67. Kh4 f4 68. Kg4 Re1 69. Kxf4 Rf1+ 70. Kg4 Re1 71. h6+ Kg8 72.
Kg5 Rg1+ 73. Kf5 Ra1 74. e6 Re1 75. Rf7 1-0

[Event "SR 3. liga A2 2015/2016"]
[Site "?"]
[Date "2016.03.06"]
[Round "9.6"]
[White "Zarecky, Eduard"]
[Black "Kubis, Ivan"]
[Result "1-0"]
[WhiteElo "1879"]
[BlackElo "1939"]
[PlyCount "43"]
[EventDate "2016.??.??"]

1. d4 Nf6 2. c4 e6 3. Nc3 Bb4 4. a3 Bxc3+ 5. bxc3 a6 6. Nf3 O-O 7. g3 b6 8. Bg2
Bb7 9. O-O d6 10. Re1 Nbd7 11. Bb2 c5 12. Rc1 Rc8 13. Qa4 Bc6 14. Qb3 Re8 15.
Nd2 d5 16. cxd5 exd5 17. c4 dxc4 18. Nxc4 Bxg2 19. Kxg2 cxd4 20. Nd6 Rxc1 21.
Qxf7+ Kh8 22. Nxe8 1-0

[Event "SR 3. liga A2 2015/2016"]
[Site "?"]
[Date "2016.03.06"]
[Round "9.6"]
[White "Brunovsky, Peter"]
[Black "Mackovic, Miroslav"]
[Result "1/2-1/2"]
[WhiteElo "1823"]
[BlackElo "1864"]
[PlyCount "109"]
[EventDate "2016.??.??"]

1. c4 Nf6 2. Nc3 g6 3. e4 d6 4. g3 Bg7 5. Bg2 O-O 6. Nge2 a6 7. O-O Nc6 8. d3
Na7 9. Rb1 Rb8 10. h3 Bd7 11. Be3 c5 12. Qd2 Nc6 13. Kh2 b5 14. b3 b4 15. Nd5
e6 16. Nxf6+ Bxf6 17. f4 Qe7 18. g4 Rfe8 19. Bf3 a5 20. g5 Bg7 21. h4 e5 22. f5
f6 23. Bg2 gxf5 24. exf5 Nd4 25. Ng3 Rf8 26. Bxd4 cxd4 27. Be4 Be8 28. Rf2 Bd7
29. Nh5 Kh8 30. Nxg7 Qxg7 31. Rg1 Rfc8 32. g6 h6 33. Qe2 Bc6 34. Qf3 Bxe4 35.
Qxe4 Rc5 36. Kg3 Qc7 37. Kg4 Kg7 38. Kh5 Rd8 39. Qe2 d5 40. Qd2 Rh8 41. cxd5
Qd6 42. Rc1 Rc3 43. Rxc3 bxc3 44. Qc1 Qxd5 45. Qa3 Qb7 46. Qxa5 Ra8 47. Qxe5
fxe5 48. f6+ Kh8 49. Kxh6 Rg8 50. h5 e4 51. f7 Qxf7 52. Rxf7 Re8 53. Rh7+ Kg8
54. Rg7+ Kh8 55. Rh7+ 1/2-1/2

[Event "SR 3. liga A2 2015/2016"]
[Site "?"]
[Date "2016.03.06"]
[Round "9.6"]
[White "Bango, Dominik"]
[Black "Zajicek, Ferdinand"]
[Result "1/2-1/2"]
[WhiteElo "1725"]
[BlackElo "1757"]
[PlyCount "97"]
[EventDate "2016.??.??"]

1. e4 c5 2. Nf3 Nc6 3. d4 cxd4 4. Nxd4 d6 5. Nc3 g6 6. Be3 Bg7 7. Bc4 Nf6 8. f3
O-O 9. Qd2 Ne5 10. Bb3 Bd7 11. O-O Nc6 12. a3 Qc8 13. Kh1 Nxd4 14. Bxd4 Be6 15.
Bxe6 Qxe6 16. Rfe1 Qc4 17. Ne2 b6 18. c3 Rac8 19. Rad1 Ne8 20. Bxg7 Nxg7 21.
Nd4 Ne6 22. e5 dxe5 23. Rxe5 Nxd4 24. Qxd4 Qxd4 25. Rxd4 Rc7 26. h3 e6 27. Re2
Rfc8 28. Red2 Kg7 29. Kg1 h5 30. Kf2 Kf6 31. Rd7 Rxd7 32. Rxd7 a5 33. Rb7 Rc6
34. a4 e5 35. b4 axb4 36. cxb4 h4 37. g4 hxg3+ 38. Kxg3 Ke6 39. a5 bxa5 40.
bxa5 Ra6 41. Rb6+ Rxb6 42. axb6 Kd6 43. Kg4 f6 44. h4 Kc6 45. h5 gxh5+ 46. Kxh5
f5 47. Kg5 e4 48. fxe4 fxe4 49. Kf4 1/2-1/2

[Event "SR 3. liga A2 2015/2016"]
[Site "?"]
[Date "2016.03.06"]
[Round "9.6"]
[White "Kastler, Peter"]
[Black "Kozinka, Jan"]
[Result "1/2-1/2"]
[WhiteElo "1743"]
[BlackElo "1714"]
[PlyCount "50"]
[EventDate "2016.??.??"]

1. d4 Nf6 2. c4 g6 3. Nc3 Bg7 4. Nf3 d6 5. e3 O-O 6. Be2 c5 7. O-O cxd4 8. Nxd4
Nc6 9. b3 Bd7 10. Bb2 Nxd4 11. exd4 e5 12. dxe5 dxe5 13. Bf3 Qc7 14. Qe2 Rfe8
15. Rfe1 a6 16. Rad1 Bc6 17. Nd5 Bxd5 18. Bxd5 Nxd5 19. Rxd5 e4 20. Bxg7 Kxg7
21. Red1 Re7 22. Qg4 Rae8 23. Rd7 Qe5 24. Rxe7 Rxe7 25. Re1 Qc3 1/2-1/2

[Event "SR 3. liga A2 2015/2016"]
[Site "?"]
[Date "2016.03.20"]
[Round "10.1"]
[White "Bisco, Igor"]
[Black "Danada, Tomas"]
[Result "0-1"]
[WhiteElo "2091"]
[BlackElo "2194"]
[PlyCount "98"]
[EventDate "2016.??.??"]

1. e4 g6 2. d4 Bg7 3. Nf3 c5 4. Nc3 Qa5 5. dxc5 Bxc3+ 6. bxc3 Qxc3+ 7. Bd2 Qxc5
8. Bd3 d6 9. h3 Nf6 10. O-O O-O 11. Rb1 Nbd7 12. Be3 Qc7 13. Bd4 e5 14. Be3 Nc5
15. Bh6 Re8 16. Ng5 Ne6 17. Qf3 Nh5 18. Bb5 Nd4 19. Qe3 Nxb5 20. Rxb5 Be6 21.
Nxe6 Rxe6 22. g4 Nf4 23. Bxf4 exf4 24. Qxf4 Qc6 25. Rd5 Qxc2 26. Rxd6 Rxd6 27.
Qxd6 Qxe4 28. Rc1 Qf3 29. Rc7 Re8 30. Re7 Rc8 31. Rc7 Rxc7 32. Qxc7 Kg7 33.
Qe5+ Qf6 34. Qe3 a5 35. a3 h6 36. f4 b5 37. Kf2 b4 38. axb4 Qb2+ 39. Ke1 axb4
40. Kd1 b3 41. Qc1 Qxc1+ 42. Kxc1 Kf6 43. Kb2 Ke6 44. Kxb3 Kd5 45. h4 Ke4 46.
f5 gxf5 47. g5 hxg5 48. h5 Ke5 49. Kc4 g4 0-1

[Event "SR 3. liga A2 2015/2016"]
[Site "?"]
[Date "2016.03.20"]
[Round "10.1"]
[White "Veselsky, Jozef"]
[Black "Malar, Pavol"]
[Result "0-1"]
[WhiteElo "2113"]
[BlackElo "2086"]
[PlyCount "80"]
[EventDate "2016.??.??"]

1. d4 e6 2. g3 f5 3. c4 Nf6 4. Nc3 Be7 5. Bg2 O-O 6. Nf3 d6 7. O-O Qe8 8. b4
Qh5 9. Bf4 Nc6 10. b5 Nd8 11. Qc2 Nf7 12. e4 g5 13. Bd2 g4 14. Ne1 e5 15. exf5
Bxf5 16. Qb3 exd4 17. Ne2 Ne4 18. Bf4 Bf6 19. Rd1 Nc5 20. Qa3 d3 21. Nc1 Be4
22. Ncxd3 Bxg2 23. Nxg2 Ne4 24. Bc1 Nfg5 25. Bxg5 Nxg5 26. Ndf4 Qh6 27. Nh4 Be5
28. Nd3 Bd4 29. Qc1 Rae8 30. Kh1 Re4 31. f3 gxf3 32. Nxf3 Be3 33. Qc2 Nxf3 34.
Rxf3 Rxf3 35. Qg2 Qh5 36. Re1 Rd4 37. Nf4 Qg4 38. Nd5 Rxd5 39. cxd5 Rf2 40.
Rxe3 Qd1+ 0-1

[Event "SR 3. liga A2 2015/2016"]
[Site "?"]
[Date "2016.03.20"]
[Round "10.1"]
[White "Skocik, Jozef"]
[Black "Pribila, Gerhard"]
[Result "0-1"]
[WhiteElo "1871"]
[BlackElo "2101"]
[PlyCount "200"]
[EventDate "2016.??.??"]

1. e4 c5 2. Ne2 e6 3. d4 cxd4 4. Nxd4 a6 5. Nc3 Qc7 6. Be2 Nf6 7. O-O b5 8. Bf3
Bb7 9. Qd3 Nc6 10. Nxc6 dxc6 11. Bg5 Be7 12. Rad1 h6 13. Bh4 Rd8 14. Qe2 O-O
15. a3 c5 16. Bg3 e5 17. Nd5 Nxd5 18. exd5 Bd6 19. h3 f5 20. Qd2 e4 21. Bxd6
Rxd6 22. Be2 Rxd5 23. Qe3 Rfd8 24. Qb3 c4 25. Qb4 R8d6 26. a4 Bc6 27. axb5 Bxb5
28. Rxd5 Rxd5 29. b3 cxb3 30. Qxb3 Qf7 31. Bc4 Bxc4 32. Qxc4 Rd6 33. Qc8+ Kh7
34. Ra1 Qd7 35. Qxd7 Rxd7 36. Rxa6 Rd1+ 37. Kh2 Rd2 38. Kg1 Rxc2 39. Kf1 Rb2
40. Re6 Kg8 41. Re7 Rb5 42. Ke2 Kf8 43. Ra7 Re5 44. g3 Re7 45. Ra5 g6 46. f3
Kf7 47. fxe4 Rxe4+ 48. Kf3 Kf6 49. g4 Re5 50. Ra4 Re6 51. Ra5 Rb6 52. gxf5 gxf5
53. Kf4 Rb4+ 54. Kg3 Kg6 55. Rc5 Re4 56. Kf3 Kg5 57. Kg3 Re3+ 58. Kg2 h5 59.
Rc8 Rb3 60. Rg8+ Kh4 61. Rf8 Rg3+ 62. Kf2 Rg5 63. Kf3 Kxh3 64. Kf4 Rg1 65. Rh8
h4 66. Kxf5 Rg7 67. Ra8 Kh2 68. Kf4 h3 69. Kf3 Rf7+ 70. Kg4 Rf2 71. Rh8 Rg2+
72. Kf3 Rb2 73. Rh7 Rb3+ 74. Kf2 Rb8 75. Rf7 Rb3 76. Rf6 Kh1 77. Rf7 Kh2 78.
Rf6 Rb2+ 79. Kf1 Kg3 80. Rg6+ Kf3 81. Rf6+ Kg4 82. Rg6+ Kh5 83. Rg8 h2 84. Rh8+
Kg4 85. Rg8+ Kf3 86. Rf8+ Ke4 87. Re8+ Kd3 88. Rd8+ Kc4 89. Rc8+ Kd5 90. Rd8+
Ke6 91. Re8+ Kf7 92. Rh8 Kg7 93. Rh3 Rc2 94. Rh4 Rd2 95. Rh3 Kf6 96. Rh8 Ke5
97. Rh7 Ke4 98. Rh8 Kd3 99. Rd8+ Kc3 100. Rxd2 h1=Q+ 0-1

[Event "SR 3. liga A2 2015/2016"]
[Site "?"]
[Date "2016.03.20"]
[Round "10.1"]
[White "Kubis, Ivan"]
[Black "Gajarsky, Roman"]
[Result "1-0"]
[WhiteElo "1939"]
[BlackElo "1768"]
[PlyCount "101"]
[EventDate "2016.??.??"]

1. e4 c5 2. Nf3 Nc6 3. d4 e6 4. Nc3 a6 5. d5 Nce7 6. d6 Nc6 7. e5 f6 8. exf6
Nxf6 9. Bg5 g6 10. Qd2 Bg7 11. a4 O-O 12. Bc4 Rb8 13. O-O b6 14. Rad1 Qe8 15.
Rfe1 Qf7 16. h3 Kh8 17. Qe2 Ra8 18. Qd2 Rb8 19. Re2 Nh5 20. Re4 Bb7 21. Rh4 Ne5
22. Nxe5 Bxe5 23. Qe2 Bf6 24. Bxf6+ Qxf6 25. Rg4 Nf4 26. Qe3 Nxg2 27. Rxg2 Bxg2
28. Kxg2 Qh4 29. Bxa6 Rf5 30. Ne4 Rbf8 31. Rd2 Qd8 32. Be2 Qa8 33. f3 Rf4 34.
b3 Qa5 35. Qc3+ Qxc3 36. Nxc3 Kg7 37. Ne4 h5 38. a5 bxa5 39. Nxc5 Rd8 40. Bc4
Rf6 41. Rd1 Rf5 42. Ne4 Rdf8 43. Be2 Rc8 44. c4 Kf7 45. c5 Rd5 46. Ra1 Rdxc5
47. Nxc5 Rxc5 48. Kf2 Kf6 49. Ke3 Ke5 50. Rd1 Rc2 51. Rd3 1-0

[Event "SR 3. liga A2 2015/2016"]
[Site "?"]
[Date "2016.03.20"]
[Round "10.1"]
[White "Barca, Michal"]
[Black "Kocak, Branislav"]
[Result "1/2-1/2"]
[WhiteElo "1851"]
[BlackElo "1890"]
[PlyCount "140"]
[EventDate "2016.??.??"]

1. c4 g6 2. Nc3 Bg7 3. Nf3 d6 4. g3 e5 5. d4 Nc6 6. Bg5 Bf6 7. Bxf6 Qxf6 8. Bg2
exd4 9. Nd5 Qd8 10. Nxd4 Nce7 11. Nf3 c6 12. Qd4 cxd5 13. Qxh8 Qa5+ 14. Qc3
Qxc3+ 15. bxc3 dxc4 16. Nd4 a6 17. O-O Rb8 18. Rab1 Nf6 19. Nc6 Nxc6 20. Bxc6+
Kd8 21. Rfd1 Kc7 22. Bd5 Nxd5 23. Rxd5 Be6 24. Rd2 b6 25. e4 h5 26. f4 Rh8 27.
Re1 Kc6 28. Red1 Rd8 29. Rd4 b5 30. a4 Bg4 31. axb5+ axb5 32. Ra1 Kb6 33. Rb1
Kc6 34. Rd5 Bf3 35. Rdxb5 Bxe4 36. Rb6+ Kc7 37. R1b2 Ra8 38. R6b4 Bd5 39. Rd2
Kc6 40. Rb1 Be4 41. Rbb2 Ra3 42. Ra2 Rxc3 43. Ra6+ Kc5 44. Raxd6 Rc1+ 45. Kf2
c3 46. Rd1 Rc2+ 47. Ke3 Bc6 48. R6d3 Bb5 49. Rd5+ Kb4 50. R1d4+ Bc4 51. Rd8
Re2+ 52. Kf3 Rxh2 53. Rc8 c2 54. Rdxc4+ Kb3 55. R4c7 Kb2 56. Rb8+ Kc1 57. Rbc8
Kd1 58. Ke4 Re2+ 59. Kf3 f6 60. Rc6 g5 61. fxg5 fxg5 62. Rc5 h4 63. Rxg5 hxg3
64. Rxg3 Re1 65. Rd8+ Kc1 66. Rg2 Rd1 67. Rc8 Rd2 68. Rg5 Kb1 69. Rb5+ Kc1 70.
Ke3 Rh2 1/2-1/2

[Event "SR 3. liga A2 2015/2016"]
[Site "?"]
[Date "2016.03.20"]
[Round "10.1"]
[White "Husek, Lubomir"]
[Black "Tupy, Bystrik"]
[Result "1-0"]
[WhiteElo "1878"]
[BlackElo "1751"]
[PlyCount "155"]
[EventDate "2016.??.??"]

1. c4 e5 2. Nc3 Nc6 3. g3 Nf6 4. Bg2 Bb4 5. e3 O-O 6. Nge2 Bxc3 7. Nxc3 d6 8.
O-O Be6 9. b3 Qd7 10. d4 Bh3 11. d5 Bxg2 12. Kxg2 Ne7 13. e4 Ng6 14. Bg5 Ne8
15. Bd2 f5 16. f3 f4 17. Ne2 Qe7 18. Qe1 Qg5 19. Kh1 Qh5 20. Qf2 Qh6 21. gxf4
Nxf4 22. Bxf4 exf4 23. Nd4 Nf6 24. Nf5 Qh3 25. Qg2 Qxg2+ 26. Kxg2 g6 27. Nd4 a6
28. Ne6 Rf7 29. Nxf4 Raf8 30. Ne6 Re8 31. Rae1 Nh5 32. f4 Ng7 33. Nxg7 Kxg7 34.
e5 dxe5 35. fxe5 Rf5 36. Rxf5 gxf5 37. Kf3 Kf7 38. Kf4 Rg8 39. Re2 h6 40. Kxf5
Rg5+ 41. Kf4 Ke7 42. h4 Rg1 43. Re3 Rg2 44. a3 c6 45. Rg3 Rf2+ 46. Rf3 Rd2 47.
d6+ Ke6 48. Ke4 Re2+ 49. Kd4 Rxe5 50. d7 c5+ 51. Kd3 Kxd7 52. Rf7+ Re7 53. Rf5
b6 54. Rf6 Re6 55. Rf7+ Kc6 56. Rf5 Kd6 57. Rh5 Kc6 58. Rd5 a5 59. a4 Rg6 60.
Rh5 Re6 61. Rf5 Rg6 62. Rh5 Kd6 63. Rd5+ Ke6 64. Rh5 Kf6 65. Rd5 Rg3+ 66. Kc2
Kg7 67. Rd7+ Kg6 68. Rd6+ Kh5 69. Rxb6 Rg4 70. Rc6 Kxh4 71. Rxh6+ Kg5 72. Rc6
Rg2+ 73. Kc3 Rg3+ 74. Kb2 Rg2+ 75. Ka3 Kf4 76. Rxc5 Ke4 77. Rxa5 Kd4 78. Kb4
1-0

[Event "SR 3. liga A2 2015/2016"]
[Site "?"]
[Date "2016.03.20"]
[Round "10.1"]
[White "Janas, Peter"]
[Black "Brunovsky, Peter"]
[Result "1/2-1/2"]
[WhiteElo "1681"]
[BlackElo "1823"]
[PlyCount "42"]
[EventDate "2016.??.??"]

1. d4 d5 2. c4 e6 3. Nc3 Nf6 4. Nf3 Be7 5. Bf4 a6 6. e3 O-O 7. c5 Nh5 8. Bg3
Nxg3 9. hxg3 Nd7 10. Bd3 g6 11. Qc2 f5 12. g4 c6 13. O-O-O Bf6 14. gxf5 exf5
15. Rdg1 h5 16. g3 Bg7 17. Nh4 Qg5 18. Ne2 Rf7 19. Nf4 Nf8 20. Kb1 Re7 21. Ka1
Bd7 1/2-1/2

[Event "SR 3. liga A2 2015/2016"]
[Site "?"]
[Date "2016.03.20"]
[Round "10.1"]
[White "Zajicek, Ferdinand"]
[Black "Jancicka, Viliam"]
[Result "1-0"]
[WhiteElo "1757"]
[BlackElo "1652"]
[PlyCount "61"]
[EventDate "2016.??.??"]

1. e4 c5 2. Nf3 Nc6 3. d4 cxd4 4. Nxd4 Qb6 5. c3 e6 6. Nb3 Qc7 7. N1d2 Nf6 8.
Bd3 Ne5 9. Nf3 Be7 10. Nxe5 Qxe5 11. f4 Qc7 12. Be3 b6 13. e5 Nd5 14. Qe2 Bb7
15. Bd2 g6 16. Be4 f5 17. exf6 Bxf6 18. O-O O-O 19. Rae1 Rac8 20. Qg4 Bg7 21.
Qf3 Rf7 22. g3 Rcf8 23. Qd3 Nf6 24. Bxb7 Qxb7 25. Qf3 Qc7 26. Be3 Nd5 27. Bd4
Ne7 28. Bxg7 Kxg7 29. Qe4 Rf6 30. Nd4 a6 31. a3 {time} 1-0

[Event "SR 3. liga A2 2015/2016"]
[Site "?"]
[Date "2016.03.20"]
[Round "10.2"]
[White "Banas, Jan"]
[Black "Lopatievov, Alexander"]
[Result "1-0"]
[WhiteElo "2262"]
[BlackElo "1867"]
[PlyCount "63"]
[EventDate "2016.??.??"]

1. c4 c5 2. Nf3 Nc6 3. d4 cxd4 4. Nxd4 e6 5. Nc3 Nf6 6. a3 d5 7. cxd5 Nxd5 8.
Nxc6 bxc6 9. Qc2 Bd7 10. g3 Be7 11. Bg2 O-O 12. O-O Nxc3 13. Qxc3 Bf6 14. Qc2
Qb6 15. Rb1 Rac8 16. Be3 Qc7 17. b4 a5 18. bxa5 Qxa5 19. Rfd1 Qc7 20. Bb6 Qb7
21. Bc5 Qc7 22. Bd6 Qa7 23. Qc5 Qxc5 24. Bxc5 Rfd8 25. Bb6 Be8 26. Bxd8 Bxd8
27. a4 Ba5 28. Rdc1 Kf8 29. Rc5 Bd8 30. a5 Ra8 31. Bxc6 Rxa5 32. Rxa5 1-0

[Event "SR 3. liga A2 2015/2016"]
[Site "?"]
[Date "2016.03.20"]
[Round "10.2"]
[White "Kozinka, Roman"]
[Black "Kovacocy, Pavel"]
[Result "1/2-1/2"]
[WhiteElo "1976"]
[BlackElo "2212"]
[PlyCount "67"]
[EventDate "2016.??.??"]

1. e4 c5 2. Nf3 g6 3. d4 cxd4 4. Nxd4 Nc6 5. Nxc6 bxc6 6. Qd4 Nf6 7. c4 Bg7 8.
Nc3 O-O 9. Be2 Nd5 10. Qd3 Nxc3 11. bxc3 Qa5 12. Bd2 Rb8 13. O-O d6 14. Qc2 Be6
15. Rab1 h5 16. Rb4 c5 17. Ra4 Qc7 18. f4 Rb6 19. f5 Bd7 20. Ra3 Rfb8 21. Bc1
Rb1 22. Qd2 Be8 23. Bd3 R1b6 24. Qf2 a5 25. g4 hxg4 26. Qh4 a4 27. Qxg4 Rb1 28.
Bxb1 Rxb1 29. fxg6 fxg6 30. Qe6+ Kh7 31. Qh3+ Kg8 32. Qe6+ Kh7 33. Qh3+ Kg8 34.
Qe6+ 1/2-1/2

[Event "SR 3. liga A2 2015/2016"]
[Site "?"]
[Date "2016.03.20"]
[Round "10.2"]
[White "Sarmir, Milos"]
[Black "Lezovic, Maros"]
[Result "1-0"]
[WhiteElo "2018"]
[BlackElo "1840"]
[PlyCount "64"]
[EventDate "2016.??.??"]

1. e4 e5 2. Nf3 Nc6 3. Bb5 d6 4. O-O Nf6 5. Re1 Bd7 6. c3 Be7 7. d4 O-O 8. Bg5
h6 9. Bh4 Ng4 10. Bg3 a6 11. Ba4 b5 12. Bb3 exd4 13. cxd4 Na5 14. Bc2 f5 15.
exf5 Bxf5 16. Bxf5 Rxf5 17. Qe2 Rf7 18. Nc3 Qd7 19. Nd5 Nc6 20. Rac1 Nf6 21.
Nf4 Nb4 22. Ne5 dxe5 23. dxe5 Qd8 24. exf6 Bxf6 25. Ne6 Qd3 26. Qg4 Bxb2 27.
Rxc7 Rxc7 28. Nxc7 Rd8 29. Qxb4 Bc3 30. Qb3+ Kh7 31. Rc1 b4 32. Ne6 Rd6 1-0

[Event "SR 3. liga A2 2015/2016"]
[Site "?"]
[Date "2016.03.20"]
[Round "10.2"]
[White "Zarecky, Eduard"]
[Black "Vagovsky, Jozef"]
[Result "1/2-1/2"]
[WhiteElo "1879"]
[BlackElo "1876"]
[PlyCount "36"]
[EventDate "2016.??.??"]

1. d4 e6 2. c4 Nf6 3. Nc3 Bb4 4. a3 Bxc3+ 5. bxc3 O-O 6. Nf3 d5 7. e3 b6 8.
cxd5 exd5 9. Qc2 Nbd7 10. Bd3 Bb7 11. O-O h6 12. Bb2 Re8 13. Bf5 c6 14. Nd2 c5
15. c4 Rc8 16. dxc5 Rxc5 17. Bd4 Rc7 18. Rac1 Qe7 1/2-1/2

[Event "SR 3. liga A2 2015/2016"]
[Site "?"]
[Date "2016.03.20"]
[Round "10.2"]
[White "Markuliak, Mario"]
[Black "Gajarsky, Julius"]
[Result "1-0"]
[WhiteElo "1869"]
[BlackElo "1799"]
[PlyCount "81"]
[EventDate "2016.??.??"]

1. e4 c5 2. c4 Nc6 3. Nf3 d6 4. d4 cxd4 5. Nxd4 e5 6. Nb3 f5 7. Nc3 Nf6 8. Bg5
Be7 9. Bxf6 Bxf6 10. Be2 O-O 11. O-O Be6 12. Nb5 Be7 13. Qc2 Rc8 14. Rfd1 fxe4
15. Nxd6 Bxd6 16. c5 Nd4 17. Nxd4 exd4 18. Qxe4 Bxc5 19. Qxe6+ Kh8 20. Bd3 Qh4
21. g3 Qh5 22. Qe4 Rc6 23. Re1 Rh6 24. h4 Qf7 25. Re2 Bb6 26. a3 Bc5 27. Rae1
a6 28. Rc1 Ba7 29. Rc4 Qd7 30. Rec2 Rg6 31. Kg2 Bb6 32. Re2 Rh6 33. Rb4 Qd8 34.
Qxb7 Bc5 35. Rc4 Bd6 36. Qe4 Qf6 37. Rc6 Qd8 38. Rxa6 Qd7 39. Ra8 Rg8 40. Bc4
Rf6 41. Qd5 1-0

[Event "SR 3. liga A2 2015/2016"]
[Site "?"]
[Date "2016.03.20"]
[Round "10.2"]
[White "Bango, Dominik"]
[Black "Hornak, Pavol"]
[Result "0-1"]
[WhiteElo "1725"]
[BlackElo "1791"]
[PlyCount "72"]
[EventDate "2016.??.??"]

1. e4 c5 2. Nf3 e6 3. d4 cxd4 4. Nxd4 a6 5. Nc3 Nc6 6. Be3 Qc7 7. Be2 Nf6 8.
O-O Be7 9. a3 O-O 10. h3 b5 11. Bf3 Bb7 12. Nxc6 Bxc6 13. Qe2 h6 14. Rad1 Rac8
15. Bc1 b4 16. axb4 Bxb4 17. Rfe1 Bxc3 18. bxc3 Bb5 19. Qd2 Qxc3 20. Qf4 Kh8
21. e5 Rc4 22. Qd2 Qxd2 23. Rxd2 Nh7 24. Red1 Rfc8 25. Be2 Rxc2 26. Rxc2 Rxc2
27. Bxb5 axb5 28. Be3 Rc7 29. Rb1 Rb7 30. Rc1 Ng5 31. Kh2 f6 32. h4 Nf7 33.
Rc8+ Kh7 34. exf6 gxf6 35. Rf8 Kg7 36. Rc8 Nd6 0-1

[Event "SR 3. liga A2 2015/2016"]
[Site "?"]
[Date "2016.03.20"]
[Round "10.2"]
[White "Vlkovic, Pavol"]
[Black "Vagovic, Milan"]
[Result "0-1"]
[WhiteElo "1813"]
[BlackElo "1610"]
[PlyCount "132"]
[EventDate "2016.??.??"]

1. e4 c5 2. d3 d6 3. h3 Nf6 4. Nf3 Nc6 5. c3 e5 6. g3 Be7 7. Bg2 O-O 8. O-O Qc7
9. Re1 Bd7 10. Nbd2 b5 11. Nf1 Qc8 12. Kh2 a5 13. a3 Rb8 14. Ne3 Be6 15. Nh4 g6
16. Nd5 Bxd5 17. exd5 Nd8 18. Bh6 Re8 19. Rc1 Bf8 20. Bxf8 Rxf8 21. Qd2 Nh5 22.
Bf3 Ng7 23. d4 f6 24. g4 Nf7 25. Be4 Ng5 26. Bg2 Nf7 27. f4 exf4 28. Re7 Rb7
29. Rce1 Re8 30. Rxe8+ Nxe8 31. dxc5 dxc5 32. Re6 Ng5 33. Rc6 Qb8 34. d6 f3 35.
Qd5+ Nf7 36. Bxf3 Nexd6 37. Kg2 Kg7 38. Qxc5 Qd8 39. Ra6 Re7 40. Qd4 Re1 41. b4
a4 42. Ra7 Re7 43. Ra6 Rc7 44. g5 Rc4 45. Qxf6+ Qxf6 46. gxf6+ Kxf6 47. Bd5
Rxh4 48. Bxf7 Kxf7 49. Rxd6 Rc4 50. Rd3 Ke6 51. Kf2 g5 52. Ke2 h5 53. Kd2 Ke5
54. Rg3 g4 55. hxg4 Rxg4 56. Rh3 h4 57. Rf3 Kd5 58. Rf5+ Kc4 59. Rc5+ Kb3 60.
Rxb5 Rg2+ 61. Ke1 h3 62. Kf1 Rc2 63. Kg1 Kxa3 64. Rc5 Kb2 65. c4 a3 66. Ra5
Rxc4 0-1

[Event "SR 3. liga A2 2015/2016"]
[Site "?"]
[Date "2016.03.20"]
[Round "10.2"]
[White "Rau, Vladimir"]
[Black "Kavuljak, Alojz"]
[Result "1-0"]
[WhiteElo "1545"]
[BlackElo "1714"]
[PlyCount "69"]
[EventDate "2016.??.??"]

1. d4 d6 2. c4 g6 3. Nf3 Bg7 4. Nc3 Nd7 5. e4 c5 6. d5 a6 7. Be2 Ngf6 8. O-O
O-O 9. Qc2 Ng4 10. h3 Nge5 11. Bf4 Nxf3+ 12. Bxf3 Ne5 13. Be2 f5 14. Bxe5 Bxe5
15. Bd3 f4 16. f3 Bd7 17. Rab1 Qe8 18. b4 b6 19. a4 cxb4 20. Rxb4 Qf7 21. Ne2
Qf6 22. Kh2 Bd4 23. Nxd4 Qxd4 24. Rfb1 Rfc8 25. Rxb6 Bxa4 26. Qxa4 Qxd3 27. Qd7
Kf8 28. Rb7 Re8 29. e5 dxe5 30. R1b6 Rad8 31. Rf6+ Kg7 32. Qe6 Qxc4 33. Rf7+
Kh6 34. Qg4 g5 35. Qe6+ 1-0

[Event "SR 3. liga A2 2015/2016"]
[Site "?"]
[Date "2016.03.20"]
[Round "10.3"]
[White "Blatnicky, Miroslav"]
[Black "Stanec, Stanislav"]
[Result "1/2-1/2"]
[WhiteElo "2107"]
[BlackElo "2106"]
[PlyCount "26"]
[EventDate "2016.??.??"]

1. d4 d5 2. c4 e6 3. Nc3 Nf6 4. Bg5 Be7 5. e3 O-O 6. Nf3 Nbd7 7. a3 Re8 8. cxd5
Nxd5 9. Bxe7 Qxe7 10. Nxd5 exd5 11. Rc1 c6 12. Bd3 Nf8 13. h3 Be6 1/2-1/2

[Event "SR 3. liga A2 2015/2016"]
[Site "?"]
[Date "2016.03.20"]
[Round "10.3"]
[White "Hudacek, Josef"]
[Black "Hirmajer, Jan"]
[Result "1-0"]
[WhiteElo "2058"]
[BlackElo "1953"]
[PlyCount "71"]
[EventDate "2016.??.??"]

1. e4 c5 2. Ne2 Nc6 3. g3 g6 4. Bg2 Bg7 5. O-O d6 6. d3 Nf6 7. c3 Bg4 8. h3
Bxe2 9. Qxe2 O-O 10. f4 e6 11. Nd2 Rc8 12. g4 b5 13. Kh2 b4 14. Nf3 Qc7 15. c4
Nd7 16. Be3 f5 17. Ng5 Rce8 18. gxf5 exf5 19. exf5 Nd4 20. Qf2 Rxf5 21. Bd5+
Kf8 22. Nxh7+ Ke7 23. Qh4+ Nf6 24. Bxd4 cxd4 25. Rae1+ Kd8 26. Rxe8+ Kxe8 27.
Re1+ Kd8 28. Ng5 Rxg5 29. Qxg5 b3 30. a3 Qa5 31. Re8+ Kc7 32. Re7+ Kb6 33. Rb7+
Ka6 34. Rxg7 Qd2+ 35. Bg2 Nh5 36. Qb5# 1-0

[Event "SR 3. liga A2 2015/2016"]
[Site "?"]
[Date "2016.03.20"]
[Round "10.3"]
[White "Miciak, Emanuel"]
[Black "Vepy, Ivan"]
[Result "0-1"]
[WhiteElo "1848"]
[BlackElo "1919"]
[PlyCount "60"]
[EventDate "2016.??.??"]

1. d4 Nf6 2. c4 e6 3. Nf3 d5 4. Bg5 Be7 5. e3 O-O 6. Nc3 b6 7. cxd5 Nxd5 8.
Bxe7 Nxe7 9. Bd3 Bb7 10. O-O Nd7 11. Rc1 Nd5 12. Nxd5 Bxd5 13. Bb1 Rc8 14. Re1
f5 15. e4 fxe4 16. Bxe4 Nf6 17. Bxd5 exd5 18. Ng5 Qd6 19. Re5 h6 20. Nh3 c5 21.
Re1 Rf7 22. b4 c4 23. a3 a5 24. bxa5 bxa5 25. Re3 Rb7 26. f3 Rcb8 27. Nf2 Qf4
28. Rec3 Rb2 29. Qe1 Re8 30. Qd1 Ree2 0-1

[Event "SR 3. liga A2 2015/2016"]
[Site "?"]
[Date "2016.03.20"]
[Round "10.3"]
[White "Harastova, Viera"]
[Black "Podjavorinsky, Michal"]
[Result "1/2-1/2"]
[WhiteElo "1874"]
[BlackElo "1975"]
[PlyCount "67"]
[EventDate "2016.??.??"]

1. d4 Nf6 2. c4 g6 3. Nc3 Bg7 4. e4 d6 5. f3 O-O 6. Bd3 e5 7. Nge2 Nc6 8. d5
Ne7 9. O-O Ne8 10. Ng3 f5 11. exf5 Nxf5 12. Nxf5 Bxf5 13. Bxf5 gxf5 14. Bd2 Qh4
15. Qe2 a6 16. g3 Qh5 17. Kh1 Bh6 18. Bxh6 Qxh6 19. Rf2 Nf6 20. Rg1 Kh8 21. g4
Rg8 22. Rfg2 Qf4 23. gxf5 $11 Qxf5 24. Ne4 Rxg2 25. Rxg2 Rg8 26. Rxg8+ Kxg8 27.
Nxf6+ Qxf6 28. b4 Qg6 29. Qg2 Kf7 30. Qh3 Kg7 31. Qd7+ Qf7 32. Qg4+ Kh6 33.
Qh4+ Kg7 34. Qg5+ 1/2-1/2

[Event "SR 3. liga A2 2015/2016"]
[Site "?"]
[Date "2016.03.20"]
[Round "10.3"]
[White "Bjel, Jan"]
[Black "Vogl, Zdenek"]
[Result "0-1"]
[WhiteElo "1820"]
[BlackElo "1918"]
[PlyCount "94"]
[EventDate "2016.??.??"]

1. e4 e5 2. Nf3 Nc6 3. Bb5 a6 4. Ba4 b5 5. Bb3 Nf6 6. O-O Be7 7. Re1 O-O 8. c3
d6 9. h3 Na5 10. Bc2 c5 11. d4 exd4 12. cxd4 Nc6 13. Nc3 Re8 14. Bg5 h6 15. Bh4
Nh7 16. Bxe7 Nxe7 17. Ne2 Ng6 18. Ng3 Ng5 19. Nxg5 Qxg5 20. dxc5 dxc5 21. Qh5
Qxh5 22. Nxh5 Be6 23. f4 Bd7 24. e5 Ne7 25. Rad1 Rad8 26. Rd6 Nc6 27. Be4 Re6
28. Red1 Nd4 29. Rd5 Ree8 30. Rxc5 Be6 31. Ra1 Ne2+ 32. Kf2 Rd2 33. Rc2 Red8
34. Ke1 Rxc2 35. Bxc2 Nd4 36. Be4 Bd5 37. Bb1 Bxg2 38. h4 $11 Nf3+ 39. Kf2 Rd2+
40. Kg3 Nd4 41. b4 Bf3 42. a4 Bxh5 43. axb5 Nxb5 44. Rxa6 Rd8 45. Ba2 Rd3+ 46.
Kg2 Ra3 47. Rb6 Rxa2+ 0-1